00220 a2200073 450000100060000010000210000624500830002726000360011035927 aWray Bill & S B aWhat Every Engineer Should Know About Microcomputer Systems Design & Debugging aNew YorkbMareel Deckker Incc